[Event "Aragon-chT Preferente Gr I"]
[Site "Aragon"]
[Date "2023.02.18"]
[Round "4.29"]
[White "Bonet Herbera, Isabel"]
[Black "Jimenez Fernandez, Alejandro"]
[Result "1/2-1/2"]
[WhiteElo "1723"]
[BlackElo "1955"]
[PlyCount "54"]
[EventDate "2023.01.28"]
[EventType "team-tourn"]
[EventRounds "9"]
[EventCountry "ESP"]
[SourceTitle "EXT 2024"]
[Source "ChessBase"]
[SourceDate "2023.10.10"]
[SourceVersion "1"]
[SourceVersionDate "2023.10.10"]
[SourceQuality "1"]
[WhiteTeam "Binefar"]
[BlackTeam "Iberajedrez Mundo 64 II"]
[WhiteTeamCountry "ESP"]
[BlackTeamCountry "ESP"]

1. e4 c6 2. d4 d5 3. exd5 cxd5 4. Bd3 Nf6 5. Bf4 Bg4 6. f3 Bh5 7. c3 Bg6 8. Ne2 e6 9. 0-0 Bd6 10. Re1 Nc6 11. Qc2 Rc8 12. Bxd6 Qxd6 13. Nd2 0-0 14. a3 Rc7 15. Bxg6 hxg6 16. f4 Na5 17. Nf3 Nc4 18. Ne5 a5 19. Nc1 Rfc8 20. Ncd3 Qe7 21. Qe2 Nd6 22. Rf1 Nfe4 23. Rf3 b5 24. Rh3 Ra7 25. Rf1 Nc4 26. Qg4 Nf6 27. Qe2 Ne4 1/2-1/2

[Event "Aragon-chT Honor Gr I"]
[Site "Aragon"]
[Date "2021.03.13"]
[Round "1.16"]
[White "Jimenez Fernandez, Alejandro"]
[Black "Lanau Broto, Jose Javier"]
[Result "1-0"]
[WhiteElo "1977"]
[BlackElo "1588"]
[PlyCount "71"]
[EventDate "2021.03.13"]
[EventType "team-tourn"]
[EventRounds "7"]
[EventCountry "ESP"]
[SourceTitle "EXT 2024"]
[Source "ChessBase"]
[SourceDate "2023.10.10"]
[SourceVersion "1"]
[SourceVersionDate "2023.10.10"]
[SourceQuality "1"]
[WhiteTeam "IberCaja"]
[BlackTeam "Huesca Club Atletismo"]
[WhiteTeamCountry "ESP"]
[BlackTeamCountry "ESP"]

1. d4 f5 2. Nf3 Nf6 3. c4 e6 4. e3 d5 5. b3 c6 6. Bd3 Bd6 7. 0-0 0-0 8. Ba3 Ne4 9. Bxd6 Qxd6 10. Qc2 Bd7 11. Nc3 Rf6 12. Ne5 Be8 13. f3 Ng5 14. f4 Ne4 15. Rab1 Nd7 16. b4 Rh6 17. Bxe4 fxe4 18. c5 Qe7 19. Rf2 Nxe5 20. dxe5 a5 21. a3 axb4 22. axb4 g5 23. Rbf1 Bg6 24. Qd2 Kh8 25. Ne2 Bf5 26. Nd4 Rg8 27. Nxf5 exf5 28. fxg5 Qxg5 29. Rxf5 Qh4 30. g3 Rxg3+ 31. hxg3 Qxg3+ 32. Qg2 Qxe3+ 33. R1f2 Rg6 34. Rf8+ Kg7 35. R8f7+ Kh6 36. R7f6 1-0

[Event "Aragon-chT Preferente Gr-I"]
[Site "Aragon"]
[Date "2019.01.26"]
[Round "1.51"]
[White "Muro Turon, Raul"]
[Black "Jimenez Fernandez, Alejandro"]
[Result "0-1"]
[WhiteElo "1830"]
[BlackElo "1985"]
[PlyCount "76"]
[EventDate "2019.01.26"]
[EventType "team-tourn"]
[EventRounds "9"]
[EventCountry "ESP"]
[SourceTitle "EXT 2020"]
[Source "ChessBase"]
[SourceDate "2019.10.17"]
[SourceVersion "1"]
[SourceVersionDate "2019.10.17"]
[SourceQuality "1"]
[WhiteTeam "Tauste"]
[BlackTeam "IberCaja II"]
[WhiteTeamCountry "ESP"]
[BlackTeamCountry "ESP"]

1. e4 c6 2. d4 d5 3. f3 Nf6 4. Nc3 e6 5. Be3 Bb4 6. Bd3 dxe4 7. fxe4 Nxe4 8. Qg4 Nxc3 9. Qxg7 Rf8 10. Bd2 Nd5 11. c3 Bd6 12. 0-0-0 Qf6 13. Qxh7 Rh8 14. Qe4 Rh4 15. Qe1 Bf4 16. Nf3 Bxd2+ 17. Nxd2 Qh6 18. Qg3 Nd7 19. Kb1 N7f6 20. Nc4 Qf4 21. Qe1 Rh8 22. Ne5 Qe3 23. Qf1 Rf8 24. g3 Bd7 25. Nc4 Qg5 26. Nd6+ Ke7 27. Nc4 Ne3 28. Nxe3 Qxe3 29. Qg2 Rae8 30. g4 Kd8 31. h4 Nd5 32. Bc2 f5 33. Rhe1 Qh6 34. gxf5 exf5 35. Rxe8+ Rxe8 36. Qf2 Ne3 37. Rg1 Nxc2 38. Kxc2 Qe3 0-1

[Event "Aragon-chT Preferente A"]
[Site "Aragon"]
[Date "2016.03.12"]
[Round "7.38"]
[White "Romero Pallares, Daniel"]
[Black "Jimenez Fernandez, Alejandro"]
[Result "1-0"]
[WhiteElo "2135"]
[BlackElo "1984"]
[PlyCount "27"]
[EventDate "2016.01.30"]
[EventType "team-tourn"]
[EventRounds "9"]
[EventCountry "ESP"]
[SourceTitle "EXT 2018"]
[Source "ChessBase"]
[SourceDate "2017.10.13"]
[SourceVersion "1"]
[SourceVersionDate "2017.10.13"]
[SourceQuality "1"]
[WhiteTeam "Palacio de Pioneros"]
[BlackTeam "IberCaja II"]
[WhiteTeamCountry "ESP"]
[BlackTeamCountry "ESP"]

1. e4 c6 2. d3 d5 3. Nd2 e5 4. Ngf3 Bd6 5. d4 exd4 6. Bd3 Bg4 7. 0-0 Ne7 8. Re1 0-0 9. e5 Bxf3 10. Nxf3 Bb4 11. Bxh7+ Kh8 12. Qxd4 Bxe1 13. Qh4 Re8 14. Ng5 1-0

[Event "Aragon-chT Preferente A"]
[Site "Aragon"]
[Date "2016.03.05"]
[Round "6.38"]
[White "Jimenez Fernandez, Alejandro"]
[Black "Fernandez Rubio, Rafael"]
[Result "1/2-1/2"]
[WhiteElo "1984"]
[BlackElo "2042"]
[PlyCount "82"]
[EventDate "2016.01.30"]
[EventType "team-tourn"]
[EventRounds "9"]
[EventCountry "ESP"]
[SourceTitle "EXT 2018"]
[Source "ChessBase"]
[SourceDate "2017.10.13"]
[SourceVersion "1"]
[SourceVersionDate "2017.10.13"]
[SourceQuality "1"]
[WhiteTeam "IberCaja II"]
[BlackTeam "Tauste"]
[WhiteTeamCountry "ESP"]
[BlackTeamCountry "ESP"]

1. d4 Nf6 2. Nf3 d6 3. c4 Nbd7 4. Nc3 e5 5. g3 Be7 6. Bg2 0-0 7. 0-0 c6 8. e4 a6 9. d5 cxd5 10. exd5 Ne8 11. Ne1 f5 12. f4 Qb6+ 13. Kh1 e4 14. Qe2 Ndf6 15. Be3 Qd8 16. Nc2 h5 17. b4 h4 18. Bf2 Ng4 19. Ne3 Nxf2+ 20. Qxf2 Bf6 21. Rac1 hxg3 22. hxg3 Kf7 23. c5 a5 24. a3 axb4 25. axb4 g6 26. Nc4 dxc5 27. Qxc5 Rh8+ 28. Kg1 Ra6 29. Ne5+ Kg7 30. Rfd1 Be7 31. Qd4 Qb6 32. Qxb6 Rxb6 33. d6 Rxd6 34. Nd5 Rxd5 35. Rxd5 Be6 36. Rd4 Kf6 37. Nd7+ Kf7 38. Nc5 Nd6 39. Bf1 Rc8 40. Rcd1 b6 41. Nxe6 Kxe6 1/2-1/2

[Event "Aragon-chT Preferente A"]
[Site "Aragon"]
[Date "2016.01.30"]
[Round "1.50"]
[White "Jimenez Fernandez, Alejandro"]
[Black "Fuster Garcia, Luis Miguel"]
[Result "0-1"]
[WhiteElo "1984"]
[BlackElo "2167"]
[PlyCount "60"]
[EventDate "2016.01.30"]
[EventType "team-tourn"]
[EventRounds "9"]
[EventCountry "ESP"]
[SourceTitle "EXT 2018"]
[Source "ChessBase"]
[SourceDate "2017.10.13"]
[SourceVersion "1"]
[SourceVersionDate "2017.10.13"]
[SourceQuality "1"]
[WhiteTeam "IberCaja II"]
[BlackTeam "Marcos Frechin"]
[WhiteTeamCountry "ESP"]
[BlackTeamCountry "ESP"]

1. d4 Nf6 2. Nf3 g6 3. c4 Bg7 4. Nc3 0-0 5. e4 d6 6. Be2 Nbd7 7. 0-0 e5 8. dxe5 dxe5 9. Be3 c6 10. Nd2 Qe7 11. Rb1 Rd8 12. b4 Nf8 13. c5 Ne6 14. f3 Nd4 15. Qe1 Be6 16. Nc4 Bxc4 17. Bxc4 b5 18. cxb6 axb6 19. Qf2 b5 20. Bb3 Nd7 21. f4 Nxb3 22. Rxb3 exf4 23. Qxf4 Ne5 24. Qg5 Qe6 25. Bf4 h6 26. Qg3 Rd3 27. Qf2 Ng4 28. Qc2 Qc4 29. Rf3 Bd4+ 30. Kh1 Rxf3 0-1

[Event "Zaragoza Province-ch Preferente"]
[Site "Zaragoza"]
[Date "2015.11.08"]
[Round "6"]
[White "Jimenez Fernandez, Alejandro"]
[Black "Navarro Castan, Jesus"]
[Result "1/2-1/2"]
[WhiteElo "2015"]
[BlackElo "1850"]
[PlyCount "65"]
[EventDate "2015.09.27"]
[EventType "swiss"]
[EventRounds "6"]
[EventCountry "ESP"]
[SourceTitle "CBM 170 Extra"]
[Source "ChessBase"]
[SourceDate "2016.02.25"]
[SourceVersion "1"]
[SourceVersionDate "2016.02.25"]
[SourceQuality "1"]

1. d4 Nf6 2. Nf3 d5 3. c4 e6 4. Nc3 Be7 5. Bf4 a6 6. cxd5 exd5 7. Qc2 0-0 8. e3 c5 9. dxc5 Qa5 10. Nd4 Qxc5 11. Nf5 Bxf5 12. Qxf5 d4 13. Qxc5 Bxc5 14. exd4 Re8+ 15. Kd2 Bxd4 16. f3 Nc6 17. Rd1 Rad8 18. Kc2 Be5 19. Rxd8 Rxd8 20. Bxe5 Nxe5 21. Be2 Kf8 22. Re1 Nc6 23. Bc4 b5 24. Bf1 Nd4+ 25. Kb1 Re8 26. Rd1 Nf5 27. Bd3 Ne3 28. Rd2 Rd8 29. g3 Nc4 30. Rd1 Ne3 31. Rd2 Nc4 32. Rd1 Ne3 33. Rd2 1/2-1/2

[Event "Zaragoza Province-ch Preferente"]
[Site "Zaragoza"]
[Date "2015.10.04"]
[Round "2"]
[White "Mombiela de Sus, Jose Luis"]
[Black "Jimenez Fernandez, Alejandro"]
[Result "1/2-1/2"]
[WhiteElo "1976"]
[BlackElo "2015"]
[PlyCount "72"]
[EventDate "2015.09.27"]
[EventType "swiss"]
[EventRounds "6"]
[EventCountry "ESP"]
[SourceTitle "CBM 170 Extra"]
[Source "ChessBase"]
[SourceDate "2016.02.25"]
[SourceVersion "1"]
[SourceVersionDate "2016.02.25"]
[SourceQuality "1"]

1. c4 e5 2. g3 Nc6 3. Bg2 g6 4. Nc3 Bg7 5. d3 d6 6. e4 f5 7. Nge2 Nf6 8. 0-0 0-0 9. Nd5 Nxd5 10. cxd5 Ne7 11. Qb3 Kh8 12. Be3 c5 13. f4 fxe4 14. dxe4 b6 15. Rf2 Qd7 16. Qd3 a5 17. a4 Ba6 18. Qd2 Bxe2 19. Qxe2 Rab8 20. Bf1 Ng8 21. Qc2 Nf6 22. h3 Rbe8 23. f5 Qf7 24. Bb5 Re7 25. Raf1 gxf5 26. Rxf5 Qg6 27. Qg2 h6 28. g4 Nh7 29. h4 Bf6 30. g5 Rg7 31. R1f3 Rfg8 32. Rg3 Be7 33. Bd7 Nf8 34. Bb5 Nh7 35. Bd7 Nf8 36. Bb5 Nh7 1/2-1/2

[Event "Aragon-chT Honor 7_10"]
[Site "Aragon"]
[Date "2015.03.14"]
[Round "8.15"]
[White "Bayod Rubia, Angel"]
[Black "Jimenez Fernandez, Alejandro"]
[Result "0-1"]
[WhiteElo "2010"]
[BlackElo "2007"]
[PlyCount "80"]
[EventDate "2015.03.14"]
[EventType "team-tourn"]
[EventRounds "9"]
[EventCountry "ESP"]
[SourceTitle "EXT 2017"]
[Source "ChessBase"]
[SourceDate "2016.10.25"]
[SourceVersion "1"]
[SourceVersionDate "2016.10.25"]
[SourceQuality "1"]
[WhiteTeam "El Olivar II"]
[BlackTeam "IberCaja"]
[WhiteTeamCountry "ESP"]
[BlackTeamCountry "ESP"]

1. e4 c6 2. d4 d5 3. e5 c5 4. Nf3 Nc6 5. dxc5 Bg4 6. Be2 e6 7. 0-0 Bxc5 8. Nbd2 Nge7 9. h3 Bh5 10. c3 0-0 11. Nb3 Bb6 12. Nfd4 Bxe2 13. Qxe2 Qb8 14. f4 Nf5 15. Qd3 a5 16. a4 Qa7 17. Rd1 Rac8 18. Be3 Nce7 19. Nxf5 Nxf5 20. Nd4 Nxe3 21. Qxe3 Rc4 22. b3 Rc7 23. Rd3 Rfc8 24. Rad1 Bc5 25. Kh2 Qb6 26. Rb1 g6 27. Qf3 Bxd4 28. cxd4 Qb4 29. Rbd1 Rc3 30. Rxc3 Qxc3 31. Rd3 Qc1 32. f5 exf5 33. h4 Qe1 34. Kh3 Rc2 35. Qxd5 Qh1+ 36. Kg3 f4+ 37. Kxf4 Qxh4+ 38. g4 h5 39. Qd7 Re2 40. Rf3 g5+ 0-1

[Event "Aragon-chT Honor GrB"]
[Site "Aragon"]
[Date "2015.02.28"]
[Round "6.19"]
[White "Ferrer Echevarri, Francisco Javier"]
[Black "Jimenez Fernandez, Alejandro"]
[Result "1/2-1/2"]
[WhiteElo "1953"]
[BlackElo "2007"]
[PlyCount "83"]
[EventDate "2015.01.24"]
[EventType "team-tourn"]
[EventRounds "7"]
[EventCountry "ESP"]
[SourceTitle "EXT 2017"]
[Source "ChessBase"]
[SourceDate "2016.10.25"]
[SourceVersion "1"]
[SourceVersionDate "2016.10.25"]
[SourceQuality "1"]
[WhiteTeam "Aragon ONCE"]
[BlackTeam "IberCaja"]
[WhiteTeamCountry "ESP"]
[BlackTeamCountry "ESP"]

1. d4 f5 2. g3 Nf6 3. Bg2 e6 4. c4 c6 5. Nf3 d5 6. 0-0 Bd6 7. b3 Qe7 8. Bb2 0-0 9. Qc1 b6 10. Ba3 Bxa3 11. Qxa3 Qxa3 12. Nxa3 Ba6 13. Ne5 Nfd7 14. Rac1 Nxe5 15. dxe5 Nd7 16. f4 Rfc8 17. Rc2 b5 18. cxd5 cxd5 19. Rfc1 Nb6 20. Kf2 Rxc2 21. Rxc2 b4 22. Nb1 Rd8 23. Nd2 Kf7 24. Rc7+ Rd7 25. Rxd7+ Nxd7 26. Nf3 h6 27. Nd4 Nb8 28. Bf1 Ke7 29. e3 Bxf1 30. Kxf1 Kd7 31. Ke2 Nc6 32. Nb5 a6 33. Nd6 Na7 34. Kd3 Nb5 35. Nxb5 axb5 36. Kd4 Kc6 37. h3 h5 38. h4 Kb6 39. Kd3 Kc5 40. Ke2 d4 41. Kd3 dxe3 42. Kxe3 1/2-1/2

[Event "Aragon-chT Honor GrB"]
[Site "Aragon"]
[Date "2015.02.07"]
[Round "3.27"]
[White "Bogomilov Georgiev, Georgi"]
[Black "Jimenez Fernandez, Alejandro"]
[Result "0-1"]
[WhiteElo "2015"]
[BlackElo "2007"]
[PlyCount "68"]
[EventDate "2015.01.24"]
[EventType "team-tourn"]
[EventRounds "7"]
[EventCountry "ESP"]
[SourceTitle "EXT 2017"]
[Source "ChessBase"]
[SourceDate "2016.10.25"]
[SourceVersion "1"]
[SourceVersionDate "2016.10.25"]
[SourceQuality "1"]
[WhiteTeam "Tauste"]
[BlackTeam "IberCaja"]
[WhiteTeamCountry "ESP"]
[BlackTeamCountry "ESP"]

1. d4 f5 2. Nf3 Nf6 3. Bg5 d5 4. e3 e6 5. Nbd2 Bd6 6. Ne5 0-0 7. f4 c5 8. Ndf3 b6 9. Be2 Ba6 10. 0-0 Bxe2 11. Qxe2 Nbd7 12. Bh4 Qc7 13. Ng5 Rae8 14. Rf3 Ne4 15. Nxh7 Kxh7 16. Rh3 Kg8 17. Ng6 Ndf6 18. Bg5 Kf7 19. Nxf8 Rxf8 20. Rf1 cxd4 21. exd4 Qc4 22. Qxc4 dxc4 23. Rff3 Nxg5 24. fxg5 Ne4 25. Rh5 Kg6 26. Rfh3 Nxg5 27. R3h4 Nf7 28. g4 Be7 29. gxf5+ exf5 30. Rh3 Ng5 31. Rxg5+ Bxg5 32. Ra3 Rf7 33. Kf2 f4 34. d5 Rd7 0-1

[Event "Aragon-chT Honor Descenso"]
[Site "Aragon"]
[Date "2014.03.22"]
[Round "9.18"]
[White "Jimenez Fernandez, Alejandro"]
[Black "Gella Lopez, Angel"]
[Result "1-0"]
[WhiteElo "2003"]
[BlackElo "2084"]
[PlyCount "109"]
[EventDate "2014.01.25"]
[EventType "team-tourn"]
[EventRounds "11"]
[EventCountry "ESP"]
[SourceTitle "EXT 2015"]
[Source "ChessBase"]
[SourceDate "2014.11.20"]
[SourceVersion "1"]
[SourceVersionDate "2014.11.20"]
[SourceQuality "1"]
[WhiteTeam "IberCaja"]
[BlackTeam "Huesca Club Atletismo"]
[WhiteTeamCountry "ESP"]
[BlackTeamCountry "ESP"]

1. d4 Nf6 2. Nf3 c5 3. d5 e6 4. c4 exd5 5. cxd5 d6 6. Nc3 g6 7. Nd2 Bg7 8. Nc4 0-0 9. g3 a6 10. a4 Qc7 11. Bf4 Ne8 12. Ne4 Be5 13. Bxe5 dxe5 14. d6 Qd8 15. Nxc5 Nd7 16. Nxd7 Bxd7 17. Bg2 Rc8 18. b3 Bc6 19. 0-0 Bxg2 20. Kxg2 Rc5 21. a5 Nf6 22. Rc1 Qd7 23. Qd3 e4 24. Qd4 Rh5 25. h4 Rxh4 26. Rh1 Rxh1 27. Rxh1 Qe6 28. Rh4 Re8 29. Nb6 Rd8 30. Nc4 Re8 31. Rh1 Nd7 32. Rd1 f5 33. e3 Rc8 34. Qa7 Nc5 35. d7 Nxd7 36. Rd6 Qe8 37. Qxb7 Nc5 38. Qd5+ Qf7 39. Rd8+ Rxd8 40. Qxd8+ Qf8 41. Qd5+ Kg7 42. Qe5+ Kg8 43. Qd5+ Kg7 44. Ne5 Qe7 45. Nc6 Qf8 46. Nd4 Kh6 47. Ne6 Nxe6 48. Qxe6 Qa8 49. b4 Qb7 50. Qb6 Qc8 51. b5 axb5 52. Qxb5 f4 53. exf4 Qc3 54. Qg5+ Kg7 55. Qe5+ 1-0

[Event "Aragon-chT Honor GrA"]
[Site "Aragon"]
[Date "2014.02.08"]
[Round "3.8"]
[White "Galvez Perez, Jose Luis"]
[Black "Jimenez Fernandez, Alejandro"]
[Result "0-1"]
[WhiteElo "1960"]
[BlackElo "2003"]
[PlyCount "69"]
[EventDate "2014.01.25"]
[EventType "team-tourn"]
[EventRounds "7"]
[EventCountry "ESP"]
[SourceTitle "EXT 2015"]
[Source "ChessBase"]
[SourceDate "2014.11.20"]
[SourceVersion "1"]
[SourceVersionDate "2014.11.20"]
[SourceQuality "1"]
[WhiteTeam "Caissa Hermanos Cortes"]
[BlackTeam "IberCaja"]
[WhiteTeamCountry "ESP"]
[BlackTeamCountry "ESP"]

1. d4 f5 2. e4 fxe4 3. Nc3 Nf6 4. Bg5 Nc6 5. d5 Ne5 6. Qe2 Nf7 7. Bxf6 exf6 8. Nxe4 Bb4+ 9. c3 Be7 10. d6 cxd6 11. 0-0-0 0-0 12. Qh5 g6 13. Qd5 f5 14. Ng3 Qb6 15. Nh3 Qc5 16. Bc4 Qxd5 17. Bxd5 Rb8 18. Rhe1 Bf6 19. Bb3 Kg7 20. Kc2 b5 21. Nf4 Bb7 22. Nd5 Be5 23. Ne2 a5 24. a3 Bc6 25. f4 Bf6 26. Nxf6 Kxf6 27. Bxf7 Kxf7 28. Rxd6 Ke7 29. Red1 b4 30. axb4 axb4 31. c4 Rb6 32. R6d2 Rc8 33. Kb3 Ra8 34. c5 Rb7 35. Re1 0-1

[Event "Aragon-chT Honor GrA"]
[Site "Aragon"]
[Date "2014.02.01"]
[Round "2.11"]
[White "Gimenez Martinez, Alberto"]
[Black "Jimenez Fernandez, Alejandro"]
[Result "1/2-1/2"]
[WhiteElo "2180"]
[BlackElo "2003"]
[PlyCount "74"]
[EventDate "2014.01.25"]
[EventType "team-tourn"]
[EventRounds "7"]
[EventCountry "ESP"]
[SourceTitle "EXT 2015"]
[Source "ChessBase"]
[SourceDate "2014.11.20"]
[SourceVersion "1"]
[SourceVersionDate "2014.11.20"]
[SourceQuality "1"]
[WhiteTeam "St Casablanca II"]
[BlackTeam "IberCaja"]
[WhiteTeamCountry "ESP"]
[BlackTeamCountry "ESP"]

1. e4 c6 2. d4 d5 3. exd5 cxd5 4. c4 Nf6 5. Nc3 Nc6 6. Nf3 Bg4 7. cxd5 Nxd5 8. Qb3 Bxf3 9. gxf3 e6 10. Qxb7 Nxd4 11. Bb5+ Nxb5 12. Qc6+ Ke7 13. Qxb5 Qd7 14. Nxd5+ Qxd5 15. Bg5+ f6 16. Qxd5 exd5 17. Be3 Ke6 18. Rc1 Bb4+ 19. Ke2 Rhc8 20. Kd3 a5 21. Bb6 Kd6 22. Rxc8 Rxc8 23. a3 Bc5 24. Bxa5 Bxf2 25. b4 Rc4 26. Rb1 Kc6 27. Rb2 Bd4 28. b5+ Kb7 29. Rb4 Be5 30. Rxc4 dxc4+ 31. Kxc4 Bxh2 32. Kd5 h5 33. Ke6 h4 34. Kf5 Bd6 35. Kg4 g5 36. a4 Bc7 37. Bc3 Be5 1/2-1/2

[Event "Aragon-chT Honor Titulo"]
[Site "Aragon"]
[Date "2013.04.06"]
[Round "10.8"]
[White "Melendez Fierro, Juan Bautista"]
[Black "Jimenez Fernandez, Alejandro"]
[Result "0-1"]
[WhiteElo "2172"]
[BlackElo "2011"]
[PlyCount "62"]
[EventDate "2013.01.26"]
[EventType "team"]
[EventRounds "11"]
[EventCountry "ESP"]
[SourceTitle "EXT 2014"]
[Source "ChessBase"]
[SourceDate "2013.11.20"]
[SourceVersion "1"]
[SourceVersionDate "2013.11.20"]
[SourceQuality "1"]
[WhiteTeam "El Olivar"]
[BlackTeam "IberCaja"]
[WhiteTeamCountry "ESP"]
[BlackTeamCountry "ESP"]

1. e4 c6 2. Nc3 d5 3. Qf3 dxe4 4. Nxe4 Nd7 5. d4 Ndf6 6. c3 Nxe4 7. Qxe4 Nf6 8. Qc2 Qd5 9. Nf3 Bg4 10. Ne5 Bh5 11. f3 e6 12. Bc4 Qa5 13. Qb3 0-0-0 14. Be3 Bd6 15. 0-0 Nd5 16. Bf2 f6 17. Nd3 Qc7 18. h3 g5 19. Rae1 Bf7 20. Bxd5 exd5 21. Nc5 h5 22. Qd1 Rdg8 23. Kh1 g4 24. Bh4 Rh6 25. fxg4 hxg4 26. Bxf6 Bh5 27. h4 g3 28. Qd2 Qh7 29. Bg5 Rhg6 30. Kg1 Rxg5 31. hxg5 Be2 0-1

[Event "Aragon-ch"]
[Site "Zaragoza"]
[Date "2012.08.31"]
[Round "7"]
[White "Lorente Aguar, Ruben"]
[Black "Jimenez Fernandez, Alejandro"]
[Result "0-1"]
[WhiteElo "1727"]
[BlackElo "2022"]
[PlyCount "120"]
[EventDate "2012.08.25"]
[EventType "swiss"]
[EventRounds "9"]
[EventCountry "ESP"]
[SourceTitle "EXT 2024"]
[Source "ChessBase"]
[SourceDate "2023.10.10"]
[SourceVersion "1"]
[SourceVersionDate "2023.10.10"]
[SourceQuality "1"]

1. e4 c6 2. d4 d5 3. Nc3 dxe4 4. Nxe4 Bf5 5. Ng3 Bg6 6. Nf3 Nd7 7. c4 Ngf6 8. Bf4 e6 9. a3 c5 10. Be2 Qb6 11. Qd2 cxd4 12. b4 a5 13. c5 Qd8 14. Qxd4 axb4 15. axb4 Rxa1+ 16. Qxa1 b6 17. Bd6 Bxd6 18. cxd6 0-0 19. Qa7 Nb8 20. 0-0 Qxd6 21. b5 Nbd7 22. Rd1 Nd5 23. Rc1 Nf4 24. Bf1 Nc5 25. Rc4 e5 26. Rc1 Rd8 27. Nh4 Be4 28. Nxe4 Nxe4 29. Nf5 Qb8 30. Ne7+ Kf8 31. Qa3 Qd6 32. Qxd6 Rxd6 33. Nf5 Rd8 34. Rc6 g6 35. Ne3 Rd6 36. Nc4 Rd1 37. g3 Nh3+ 38. Kg2 Nhxf2 39. Rxb6 Ng4 40. Rb8+ Ke7 41. h3 Nh6 42. Ne3 Rd2+ 43. Kf3 f5 44. Be2 Nxg3 45. Bc4 Ne4 46. Nd5+ Kd6 47. b6 Nf7 48. b7 Nfg5+ 49. Ke3 f4+ 50. Nxf4 exf4+ 51. Kxf4 Rf2+ 52. Ke3 Rf3+ 53. Ke2 Kc7 54. Re8 Nc3+ 55. Kd2 Kxb7 56. h4 Nge4+ 57. Kc2 Nd6 58. Re7+ Kc6 59. Be2 Nxe2 60. Rxe2 Rh3 0-1

[Event "Aragon-chT Honor GrA "]
[Site "Aragon"]
[Date "2012.03.17"]
[Round "7.14"]
[White "Jimenez Fernandez, Alejandro"]
[Black "Glavina, Pablo"]
[Result "0-1"]
[WhiteElo "1980"]
[BlackElo "2457"]
[PlyCount "58"]
[EventDate "2012.02.04"]
[EventType "team-tourn"]
[EventRounds "7"]
[EventCountry "ESP"]
[SourceTitle "EXT 2014"]
[Source "ChessBase"]
[SourceDate "2013.11.20"]
[SourceVersion "1"]
[SourceVersionDate "2013.11.20"]
[SourceQuality "1"]
[WhiteTeam "IberCaja II"]
[BlackTeam "St Casablanca"]
[WhiteTeamCountry "ESP"]
[BlackTeamCountry "ESP"]

1. d4 Nf6 2. c4 e6 3. Nf3 d5 4. Nc3 Be7 5. cxd5 exd5 6. Bg5 0-0 7. e3 Nbd7 8. Bd3 c6 9. Qc2 Re8 10. 0-0 Nf8 11. h3 g6 12. Bxf6 Bxf6 13. b4 Ne6 14. Na4 Be7 15. b5 Bd7 16. bxc6 Bxc6 17. Ne5 Rc8 18. Qb3 Bd6 19. Nxc6 bxc6 20. Ba6 Rc7 21. Rab1 Ng5 22. Rfc1 Ne4 23. Rc2 Qg5 24. Nc3 Nxf2 25. Rxf2 Rxe3 26. Qc2 Qg3 27. Ne2 Qh2+ 28. Kf1 Qh1+ 29. Ng1 Bh2 0-1

[Event "Aragon-chT Honor GrA "]
[Site "Aragon"]
[Date "2012.03.10"]
[Round "6.7"]
[White "Jimenez Fernandez, Alejandro"]
[Black "Latorre Abad, Fernando"]
[Result "1-0"]
[WhiteElo "1980"]
[BlackElo "2100"]
[PlyCount "105"]
[EventDate "2012.02.04"]
[EventType "team-tourn"]
[EventRounds "7"]
[EventCountry "ESP"]
[SourceTitle "EXT 2014"]
[Source "ChessBase"]
[SourceDate "2013.11.20"]
[SourceVersion "1"]
[SourceVersionDate "2013.11.20"]
[SourceQuality "1"]
[WhiteTeam "IberCaja II"]
[BlackTeam "Aragon ONCE"]
[WhiteTeamCountry "ESP"]
[BlackTeamCountry "ESP"]

1. d4 Nf6 2. c4 d6 3. Nf3 Nbd7 4. Nc3 e5 5. e4 g6 6. Be2 Bg7 7. Be3 0-0 8. d5 Nh5 9. Bg5 f6 10. Bh4 Nf4 11. 0-0 a5 12. Ne1 Nxe2+ 13. Qxe2 Nc5 14. Nd3 Nxd3 15. Qxd3 g5 16. Bg3 f5 17. exf5 Bxf5 18. Ne4 Qe8 19. f3 Qg6 20. Rae1 b6 21. Bf2 h5 22. Be3 g4 23. Bc1 Bh6 24. Bxh6 Qxh6 25. Qe3 Qxe3+ 26. Rxe3 Bxe4 27. fxe4 Rxf1+ 28. Kxf1 Rf8+ 29. Ke2 Kg7 30. g3 Kg6 31. Rc3 Kf6 32. Rc1 Ke7 33. Rf1 Rh8 34. Kf2 h4 35. Kg2 h3+ 36. Kf2 Rf8+ 37. Ke2 Rxf1 38. Kxf1 Kd7 39. Ke2 c6 40. dxc6+ Kxc6 41. Kd3 Kc5 42. Kc3 Kc6 43. b3 Kc5 44. a3 Kc6 45. b4 Kc7 46. Kb3 Kc6 47. Ka4 axb4 48. axb4 b5+ 49. cxb5+ Kb6 50. Kb3 Kxb5 51. Kc3 Kb6 52. Kc4 Kc6 53. b5+ 1-0

[Event "Aragon-chT Honor Titulo"]
[Site "Spain"]
[Date "2011.04.02"]
[Round "9.3"]
[White "Ramiro Ovejero, Juan Luis"]
[Black "Jimenez Fernandez, Alejandro"]
[Result "1-0"]
[WhiteElo "2365"]
[BlackElo "1966"]
[PlyCount "65"]
[EventDate "2011.03.26"]
[EventType "team-tourn"]
[EventRounds "11"]
[EventCountry "ESP"]
[SourceTitle "EXT 2013"]
[Source "ChessBase"]
[SourceDate "2012.11.22"]
[SourceVersion "1"]
[SourceVersionDate "2012.11.22"]
[SourceQuality "1"]
[WhiteTeam "Jaime Casas"]
[BlackTeam "IberCaja II"]
[WhiteTeamCountry "ESP"]
[BlackTeamCountry "ESP"]

1. e4 c6 2. d4 d5 3. Nd2 dxe4 4. Nxe4 Bf5 5. Ng3 Bg6 6. Nh3 e6 7. Nf4 Bd6 8. c3 Qh4 9. Qf3 Nf6 10. Bc4 Nbd7 11. 0-0 0-0 12. Re1 Nd5 13. Nxg6 hxg6 14. Re4 Qf6 15. Qg4 Bxg3 16. Qxg3 Qf5 17. Bd3 Ne7 18. Rh4 Qd5 19. Qh3 f6 20. c4 Qd6 21. c5 Qd5 22. Be4 Qc4 23. b3 Qxd4 24. Qxe6+ Rf7 25. Qxf7+ Kxf7 26. Bxg6+ Nxg6 27. Rxd4 Nxc5 28. b4 Re8 29. Be3 Na6 30. a3 Re7 31. Rad1 Nc7 32. Rd7 a6 33. Bc5 1-0